| 000 | 00964cam a2200301 i 4500 | ||
|---|---|---|---|
| 999 |
_c17284 _d17284 |
||
| 001 | 17801886 | ||
| 005 | 20180508202911.0 | ||
| 008 | 130705s2015 at a 001 0 eng | ||
| 010 | _a 2013944584 | ||
| 020 | _a9781285165929 (pbk.) | ||
| 020 | _a1285165926 (pbk.) | ||
| 040 |
_aDLC _beng _erda _cDLC |
||
| 042 | _apcc | ||
| 050 | 0 | 0 | _aHB172.5 .M355 2015 |
| 100 | 1 | _aMankiw, N. Gregory. | |
| 245 | 1 | 0 |
_aBrief principles of macroeconomics / _cN. Gregory Mankiw. |
| 250 | _aSeventh edition. | ||
| 300 |
_axxiv, 439 pages : _billustrations ; _c26 cm |
||
| 500 | _aIncludes index. | ||
| 650 | 0 | _aMacroeconomics. | |
| 942 |
_2lcc _cBOOKS _hHB172.5 .M355 2015 |
||